| 000 | 00483cam a22001811 4500 | ||
|---|---|---|---|
| 001 | 8816353 | ||
| 003 | OSt | ||
| 005 | 20140718213002.0 | ||
| 008 | 830115s1945 ve 000 0 spa | ||
| 040 | _cBMC | ||
| 082 | _a345.87 | ||
| 100 | 1 |
_916744 _aJiménez de Asúa, Luis _d1889-1970 |
|
| 245 | 1 | 3 |
_aLa ley y el delito _b: curso de dogmática penal |
| 260 |
_aCaracas _bAndrés Bello _c1945 |
||
| 300 |
_a717 p. _c23 cm |
||
| 650 | 2 | 4 |
_aDerecho penal _916741 _zVenezuela |
| 942 |
_2ddc _cBK |
||
| 999 |
_c8887 _d8887 |
||